|
|
|
|
| LEADER |
00000nam0a2200000 4500 |
| 001 |
283736 |
| 005 |
20231101235627.0 |
| 035 |
|
|
|a (RuTPU)RU\TPU\book\307861
|
| 090 |
|
|
|a 283736
|
| 100 |
|
|
|a 20150210d1984 km y0rusy50 ca
|
| 101 |
0 |
|
|a rus
|
| 102 |
|
|
|a NL
|
| 105 |
|
|
|a a z 001zy
|
| 200 |
1 |
|
|a Contributions to the theory of the ising model
|f J. J. M. Rijpkema
|
| 210 |
|
|
|a Meppel
|c Krips Repro
|d 1984
|
| 215 |
|
|
|a 111 p.
|c il.
|
| 320 |
|
|
|a bibliography at the end of articles
|
| 606 |
1 |
|
|a Статистическая физика
|2 stltpush
|3 (RuTPU)RU\TPU\subj\27931
|9 51579
|
| 606 |
1 |
|
|a Магнетики
|x Физика
|2 stltpush
|3 (RuTPU)RU\TPU\subj\66506
|9 82606
|
| 610 |
1 |
|
|a математическая физика
|
| 610 |
1 |
|
|a математические модели
|
| 610 |
1 |
|
|a модель Изинга
|
| 610 |
1 |
|
|a спинорные операторы
|
| 610 |
1 |
|
|a критическая точка
|
| 610 |
1 |
|
|a плоские решетки
|
| 610 |
1 |
|
|a модулированные фазы
|
| 610 |
1 |
|
|a фрустрация
|
| 610 |
1 |
|
|a критическая температура
|
| 610 |
1 |
|
|a методы
|
| 610 |
1 |
|
|a английский язык
|
| 675 |
|
|
|a 531.19
|v 3
|
| 675 |
|
|
|a 537.622
|v 3
|
| 700 |
|
1 |
|a Rijpkema
|b J. J. M.
|g Jacobus Johannes Maria
|
| 801 |
|
1 |
|a RU
|b 63413507
|c 20150210
|
| 801 |
|
2 |
|a RU
|b 63413507
|c 20171018
|g RCR
|
| 942 |
|
|
|c BK
|